| 000 | 00473nam a22001817a 4500 | ||
|---|---|---|---|
| 005 | 20151015124608.0 | ||
| 010 | _aENG-113814 | ||
| 020 |
_a9789381626382 _c195.00 |
||
| 035 | _aEN-97346 | ||
| 037 | _bDBAD/PUB | ||
| 082 | _aN | ||
| 100 | _aRay, Arnab | ||
| 245 |
_aThe mine / _cby Arnab Ray |
||
| 260 |
_aChennai _bWestland _c2011 |
||
| 270 |
_aVenkat Towers, 165, P.H. Road, Maduravoyal _bChennai _e600095 |
||
| 300 |
_a282p. _c19cm(pbk) |
||
| 942 |
_2ddc _cEN _mRAY _hN |
||
| 999 |
_c95620 _d95620 |
||